Autoridad y obediencia en la iglesia (Registro nro. 69495)
[ vista simple ]
| 000 -LÍDER | |
|---|---|
| Campo fijo de descripción fija | 01208nab a2200205 i 4500 |
| 001 - NÚMERO DE CONTROL | |
| Campo de control | 768714001 |
| 003 - IDENTIFICADOR DEL NÚMERO DE CONTROL | |
| Campo de control | CO-MdFUSB |
| 005 - FECHA Y HORA DE LA ULTIMA TRANSACCIÓN | |
| control field | 20240506115538.0 |
| 008 - ELEMENTOS DE LONGITUD FIJA -- INFORMACIÓN GENERAL | |
| Campo fijo de descripción fija -- Información general | 240502t1966 sp ||||| |||| 00| 0 spa d |
| 040 ## - FUENTE DE CATALOGACIÓN | |
| Idioma de catalogación | spa |
| Agencia que realiza la transcripción | CO-MdFUSB |
| Agencia que realiza la modificación | CO-MdFUSB |
| 041 ## - CÓDIGO DE IDIOMA | |
| Código de idioma para texto/pista de sonido o título separado | spa |
| 100 ## - ASIENTO PRINCIPAL--NOMBRE PERSONAL | |
| Nombre personal | Müller, Alois, |
| Término relacionador | autor |
| 245 ## - TÍTULO | |
| Título | Autoridad y obediencia en la iglesia |
| Mención de responsabilidad | / Alois Müller |
| 520 ## - NOTA DE RESUMEN, ETC. | |
| Nota de sumario, etc. | El cristiano, que debe priorizar la libertad personal y la misión, se enfrenta en la Iglesia a dos fuerzas opuestas: la autoridad de la verdad y la responsable de dirigir las acciones. La transición de la libertad natural y la responsabilidad personal a la acción en el mundo, entre las personas, pone a prueba simultáneamente la autoridad de la Iglesia. Por tanto, hay que tenerlo en cuenta a la hora de imaginar el cristianismo en el marco de la libertad y la responsabilidad. |
| 650 #2 - ASIENTO SECUNDARIO DE MATERIA - TERMINO TEMÁTICO | |
| Término temático o nombre geográfico como elemento de entrada | Conciencia (Moral) |
| 9 (RLIN) | 927 |
| 650 #7 - ASIENTO SECUNDARIO DE MATERIA - TERMINO TEMÁTICO | |
| Término temático o nombre geográfico como elemento de entrada | Autoridad |
| Subdivisión general | Aspectos religiosos |
| -- | Iglesia Católica |
| 9 (RLIN) | 7165 |
| 773 0# - ASIENTO DE ITEM FUENTE | |
| Biblionumber | 49450 |
| Itemnumber | 82573 |
| Otro identificador del ítem | R2505 |
| Título | Revista internacional de teología Concilium |
| Número de control del registro | (CO-MdFUSB)8 |
| Número Internacional Normalizado para Publicaciones Seriadas (ISSN) | 0210-1041 |
| Parte(s) relacionada(s) / Volumen., número. (mes año), páginas | Número 15, (mayo, 1966), páginas: 80 - 97 |
| Enumeración y primera página | página: 80 |
| 942 ## - TIPO DE MATERIAL (KOHA) | |
| Tipo de Item KOHA | Artículos de Revista |
| 945 ## - INFORMACIÓN LOCAL DEL REGISTRO | |
| Catalogador | Catherine Arias Álvarez practicante SENA |
No hay ítems disponibles.
